Hospodárnosť využívania štrukturálnych fondov bakalárska práca

Na minha lista:
Detalhes bibliográficos
Autor principal: Pavlíková, Romana
Autor Corporativo: Národohospodárska fakulta EU. Katedra verejnej správy a regionálneho rozvoja
Outros Autores: Parízková, Jana
Formato: Livro
Idioma:eslovaco
Publicado em: Bratislava 2013
Tags: Adicionar Tag
Sem tags, seja o primeiro a adicionar uma tag!

MARC

LEADER 00000nbm a2200000 4500
001 0172539
005 20161109112059.4
041 0 |a slo 
044 |a SK 
245 1 0 |a Hospodárnosť využívania štrukturálnych fondov  |b bakalárska práca  |c Romana Pavlíková ; školiteľ: Jana Parízková 
264 1 |a Bratislava  |c 2013 
300 |a 45 s. 
100 1 |a Pavlíková, Romana 
700 1 |a Parízková, Jana 
710 2 |a Národohospodárska fakulta EU. Katedra verejnej správy a regionálneho rozvoja